| 000 -CABECERA |
| campo de control de longitud fija |
00656nam a2200181 a 4500 |
| 001 - NÚMERO DE CONTROL |
| campo de control |
000008547 |
| 005 - FECHA Y HORA DE LA ÚLTIMA TRANSACCIÓN |
| campo de control |
20200120221847.0 |
| 008 - DATOS DE LONGITUD FIJA--INFORMACIÓN GENERAL |
| campo de control de longitud fija |
990310s1997 col0 gr 0 000 d |
| 020 ## - NÚMERO INTERNACIONAL ESTÁNDAR DEL LIBRO |
| Número Internacional Estándar del Libro |
958-04-4079-4 |
| 082 04 - NÚMERO DE LA CLASIFICACIÓN DECIMAL DEWEY |
| Número de clasificación |
158 |
| Número de documento/Ítem |
C36s |
| Número de edición |
21 |
| 100 0# - ENTRADA PRINCIPAL--NOMBRE DE PERSONA |
| Nombre de persona |
Chopra, Deepak |
| 245 14 - MENCIÓN DE TÍTULO |
| Título |
Las siete leyes espírituales para padres : cómo guiar a sus hijos hacia el exito y la realización personal / |
| Mención de responsabilidad, etc. |
Deepak Chopra ; traducción : Adriana de Hassan. |
| 260 ## - PUBLICACIÓN, DISTRIBUCIÓN, ETC. |
| Lugar de publicación, distribución, etc. |
Bogotá : |
| Nombre del editor, distribuidor, etc. |
Norma, |
| Fecha de publicación, distribución, etc. |
1997. |
| 300 ## - DESCRIPCIÓN FÍSICA |
| Extensión |
152 p. |
| 500 ## - NOTA GENERAL |
| Nota general |
Ej.1 de Biblioteca Mosquera corresponde a la colección de la Casa de la Cultura |
| 650 14 - PUNTO DE ACCESO ADICIONAL DE MATERIA--TÉRMINO DE MATERIA |
| Término de materia o nombre geográfico como elemento de entrada |
EXITO |
| 700 1# - PUNTO DE ACCESO ADICIONAL--NOMBRE DE PERSONA |
| Nombre de persona |
Hassan, Adriana de , |
| Término indicativo de función/relación |
traductor. |